Разговоры на бумаге. № 5: Предметное и беспредметное в русском искусстве XX века (Запись № 13546419)

Подробности
000 -МАРКЕР
контрольное поле 02140nam2a2200289 4500
001 - ИДЕНТИФИКАТОР ЗАПИСИ
контрольное поле RU\NLR\BIBL_A\022717987
005 - ИДЕНТИФИКАТОР ВЕРСИИ
контрольное поле 20260311115050.0
010 ## - МЕЖДУНАРОДНЫЙ СТАНДАРТНЫЙ НОМЕР КНИГИ (ISBN)
Номер (ISBN) 978-5-6050376-3-7
Тираж 500
021 ## - НОМЕР ГОСУДАРСТВЕННОЙ РЕГИСТРАЦИИ
Код страны Российская Федерация
Номер КН-П-25-075292
Номер Листа государственной регистраци КН-П-25-7307
035 ## - ДРУГИЕ СИСТЕМНЫЕ НОМЕРА
Идентификатор записи (NLR Aleph) 022717987
100 ## - ДАННЫЕ ОБЩЕЙ ОБРАБОТКИ
Данные общей обработки 20260204d2025 k y0rusy50 ca
101 0# - ЯЗЫК РЕСУРСА
Язык текста, звукозаписи и т.д. русский
102 ## - СТРАНА ПУБЛИКАЦИИ ИЛИ ПРОИЗВОДСТВА
Страна публикации Российская Федерация
105 ## - ПОЛЕ КОДИРОВАННЫХ ДАННЫХ: ТЕКСТОВЫЕ МАТЕРИАЛЫ, МОНОГРАФИЧЕСКИЕ
Кодированные данные о монографическом текстовом документе ah b 100yy
200 1# - ЗАГЛАВИЕ И СВЕДЕНИЯ ОБ ОТВЕТСТВЕННОСТИ
Основное заглавие Предметное и беспредметное в русском искусстве XX века
210 ## - ПУБЛИКАЦИЯ, РАСПРОСТРАНЕНИЕ И ДР.
Дата издания, распространения и т.д. 2025
215 ## - ФИЗИЧЕСКАЯ ХАРАКТЕРИСТИКА
Специфическое обозначение материала и объем [3], 36, [2] с.
Другие сведения о физической характеристике ил., цв. ил., факс.
461 #0 - УРОВЕНЬ НАБОРА
Встроенное поле 001RU\NLR\BIBL_A\022717892
-- 2001#$aРазговоры на бумаге$e[о наследии русского авангарда и о неофициальном искусстве 1970-1980-х на страницах журнала "А-Я"$eк выставке "Путь к авангарду: диалоги художников в журнале "А-Я", 4 сентября 2025 - 18 января 2026$eкаталог$eв семи тетрадях$fсоставители: Ирина Горлова, Анна Замрий]$v№ 5
Системный номер (АБИС) связанной записи 13633004
Место публикации Москва
Дата публикации 2025-
Первые сведения об ответственности составители: Ирина Горлова, Анна Замрий]
Имя издателя, распространителя и т.д. Центр "Зотов"
Сведения, относящиеся к заглавию [о наследии русского авангарда и о неофициальном искусстве 1970-1980-х на страницах журнала "А-Я" : к выставке "Путь к авангарду: диалоги художников в журнале "А-Я", 4 сентября 2025 - 18 января 2026 : каталог : в семи тетрадях
Заглавие Разговоры на бумаге
Номер тома № 5
606 1# - НАИМЕНОВАНИЕ ТЕМЫ КАК ПРЕДМЕТ
Наименование темы Изобразительное искусство русское советское
Системный номер авторитетной/нормативной записи 2077706
Идентификатор авторитетной/нормативной записи RU\NLR\AUTH\661253402
606 1# - НАИМЕНОВАНИЕ ТЕМЫ КАК ПРЕДМЕТ
Наименование темы Изобразительное искусство русское
Хронологический подзаголовок 1910 - 1918
Системный номер авторитетной/нормативной записи 2223359
Идентификатор авторитетной/нормативной записи RU\NLR\AUTH\6601567934
686 1# - ИНДЕКСЫ ДРУГИХ КЛАССИФИКАЦИЙ
Индекс Щ103(2Р=Рус)53
686 1# - ИНДЕКСЫ ДРУГИХ КЛАССИФИКАЦИЙ
Индекс Щ103(2Р=Рус)7
942 ## - ДОПОЛНИТЕЛЬНЫЕ ЭЛЕМЕНТЫ ЗАПИСИ (АБИС)
Тип экземпляра АБИС Книга
980 ## - КОЛЛЕКЦИЯ
Название коллекции Национальная библиография

Нет доступных экземпляров.